| 000 | 01043cam a2200313 a 4500 | ||
|---|---|---|---|
| 001 | 1022310 | ||
| 003 | FISKH | ||
| 005 | 20250820082029.0 | ||
| 008 | 881201s1989 nyua j 000 1 eng | ||
| 010 | _a 88038265 | ||
| 040 |
_aDLC _cDLC _dDLC _dOCoLC |
||
| 042 | _alcac | ||
| 050 | 0 | 0 |
_aPZ7 _b.L57833 Iac 1989 |
| 082 | 0 | 0 |
_a791.43 _219 |
| 100 | 1 |
_aLevine, Ellen. _d1939-2012 |
|
| 245 | 1 | 0 |
_aI hate English! / _cby Ellen Levine ; illustrated by Steve Björkman. |
| 260 |
_aNew York : _bScholastic Inc., _cc1989. |
||
| 300 |
_a[32] p. : _bcol. ill. ; _c26 cm. |
||
| 505 | _aK | ||
| 520 | _aWhen her family moves to New York from Hong Kong, Mei Mei finds it difficult to adjust to school and learn the alien sounds of English. | ||
| 521 |
_a490 _bLexile |
||
| 521 |
_a K _bRaz-Paz |
||
| 650 | 1 |
_aChinese _zUnited States _xFiction. |
|
| 650 | 1 |
_aEmigration and immigration _xFiction. |
|
| 650 | 1 |
_aEnglish language _xFiction. |
|
| 700 | 1 |
_aBjörkman, Steve, _eill. |
|
| 906 |
_a7 _bcbc _corignew _d1 _eocip _f19 _gy-gencatlg |
||
| 942 |
_2lcc _cBK _n0 |
||
| 999 |
_c13 _d13 |
||